| 000 | 01083nam a22003257a 4500 | ||
|---|---|---|---|
| 003 | CHAP | ||
| 005 | 20220329135255.0 | ||
| 008 | 971013s1984 r 00010 d | ||
| 010 | _a33646 | ||
| 011 | _a34618 | ||
| 035 | _a38734 | ||
| 040 | _cCHAP | ||
| 100 | 0 | 0 |
_aMedina Moreno, Enrique de J. _974002 |
| 245 | _aEstudio del suelo asociado con mortandad de árboles de manzano (Malus spp.) en la región de Nuevo Casas Grandes, Chih. | ||
| 260 |
_aBuenavista : _bEl autor, _c1984 |
||
| 300 |
_a190 h. _b: ilus. ; gráfs |
||
| 590 |
_aBATCH-UPD _b10 _c20130110 _lUCH01 _h0951 |
||
| 590 |
_aBATCH-UPD _b10 _c20130410 _lUCH01 _h0605 |
||
| 590 |
_aBATCH-UPD _b10 _c20130914 _lUCH01 _h1224 |
||
| 590 |
_aCONVERSION _b10 _c20130109 _lUCH01 _h1319 |
||
| 650 | 1 | 4 |
_aDurazno _xEnfermedades. _934594 |
| 650 | 1 | 4 |
_aFruticultura _xChihuahua. _943708 |
| 650 | 1 | 4 |
_aManzana _xEnfermedades. _970763 |
| 650 | 1 | 4 |
_aRaíces _994670 |
| 650 | 1 | 4 |
_aSuelos frutícolas. _9110550 |
| 650 | 1 | 4 |
_aSuelos y cultivos. _9110571 |
| 901 | _aBK | ||
| 942 | _cTESIS | ||
| 949 |
_bBC _cTES _d-88527 _eTS1 _h19266 _i38734 _si |
||
| 999 |
_c33646 _d33646 |
||